00827nam a22002057a 4500003000900000008004100009040007100050082001800121100004000139245007600179260004000255300003800295505014100333650002500474650002700499650001600526650002200542650001000564700004700574AR-CdUCM190515b ||||| |||| 00| 0 spa d aMUNICIPALIDAD PROVINCIAL DEL CUSCOcBIBLIOTECA MUNICIPAL DEL CUSCO a468.3 /bAR77 aArredondo García, Roxssana Elvira aLos universitarios y sus deformaciones en la comunicación del texto / aCusco :bGustavo Impresores,c2012. a166 páginas ;bcuadros,c21 cm. aContenido: Análisis del problema -- Sustento científico y teórico -- Metodología -- Análisis e interpretación de resultados. aEducación superior aComunicación escrita aGramática aLengua española aCusco aArredondo García, Nimis Judith (coautor)